00677nam a2200241 a 4500001001300000003000900013005001700022008004100039020001000080082001800090100001700108245004200125260003200167300000900199500003500208505001000243650001700253700001700270902000800287942000700295952011800302999001500420nice12345678IN_TiNIC20260116011531.0050524s1317 lona grp 000 0 ara  ac10000a297.1248bBAB aBabuyeh, Ibn aUyun Akbar Al-Rudab Shia Traditions. aLondon bNo Publisherc1317 a387p aincludes index and biblioraphy2 aIndex aHadith-Shiah1 aBabuyeh, Ibn bSRS cBK 001040708StackRoom-aHMIbHMId2007-08-08g100.00l0o297.1248 BABp03073r2007-08-08v100.00w2005-05-24yBK c2389d2389